Sharjah Art Foundation Library

عاجيات نمرود/ (Record no. 6564)

MARC details
000 -LEADER
fixed length control field 00639nam a2200181Ia 4500
001 - CONTROL NUMBER
control field 6564
008 - FIXED-LENGTH DATA ELEMENTS--GENERAL INFORMATION
fixed length control field 260622s9999 xx 000 0 und d
245 #0 - TITLE STATEMENT
Title عاجيات نمرود/
Statement of responsibility, etc. فؤاد سفر، ميسّر سعيد العراقي
260 ## - PUBLICATION, DISTRIBUTION, ETC.
Name of publisher, distributor, etc. المؤسسة العامة للآثار و التراث، وزارة الثقافة و العلام، الجمهورية العراق؛
300 ## - PHYSICAL DESCRIPTION
Extent 160p;
Dimensions 30x23cm
520 ## - SUMMARY, ETC.
Summary, etc. Ivories from Nimrud/ By Fuad Safer & Muyasser Sa'id Al Iraqi.
546 ## - LANGUAGE NOTE
Language note Arabic
648 ## - SUBJECT ADDED ENTRY--CHRONOLOGICAL TERM
Chronological term Ancient
650 ## - SUBJECT ADDED ENTRY--TOPICAL TERM
Topical term or geographic name entry element CC1-960 Archaeology
650 ## - SUBJECT ADDED ENTRY--TOPICAL TERM
Topical term or geographic name entry element Paganism
9 (RLIN) 9411
651 ## - SUBJECT ADDED ENTRY--GEOGRAPHIC NAME
Geographic name Iraq
942 ## - ADDED ENTRY ELEMENTS (KOHA)
Koha item type Book
Holdings
Withdrawn status Lost status Source of classification or shelving scheme Damaged status Not for loan Collection Home library Current library Date acquired Total Checkouts Full call number Barcode Date last seen Price effective from Koha item type
    Library of Congress Classification     Archaeology- Biography SAF Reference Library SAF Reference Library 06/22/2026   CC1-960 98.641 6564 06/22/2026 06/22/2026 Book

Copyright © 2022. Sharjah Art Foundation. All Rights Reserved.